000 00819nam a2200217 i 4500
001 17696
003 ES-MaACL
005 20231227134110.0
007 t|
008 010504s1996 sp |||| |dspa d
080 _a929 Ríos Urruti, Fernando de los
100 1 _aRuiz Manjón, Octavio.
_9100860
245 1 3 _aUn epistolario de Fernando de los Ríos a Francisco Giner /
_cOctavio Ruiz Manjón.
260 _aMadrid :
_bOrto,
_c1996.
300 _aP. [211]-228 ;
_c21 cm.
595 _aSeparata del libro: Entre la marginación y el desarrollo: mujeres y hombres en la historia: homenaje a María Carmen García-Nieto.
600 1 4 _aRíos, Fernando de los,
_d1879-1949-
_vCorrespondencia
_997399
700 1 _aRíos, Fernando de los,
_d1879-1949
_997398
852 _aES-MaACL
_j2163-F-25
999 _c17696
_d17696